Statistics / (Record no. 91210)

MARC details
000 -LEADER
fixed length control field 00553nam a22001937a 4500
010 ## - LCCN (DPL NO)
LC control number ENG-112084
020 ## - INTERNATIONAL STANDARD BOOK NUMBER
International Standard Book Number 9788120350861
Terms of availability 425.00
035 ## - SYSTEM CONTROL NUMBER
System control number EN-95616
037 ## - SOURCE OF ACQUISITION
Source of stock number/acquisition DBAD/PUB
082 ## - DEWEY DECIMAL CLASSIFICATION NUMBER
Classification number 519.5
100 ## - MAIN ENTRY--PERSONAL NAME
Personal name Nadar, E. Narayanan
245 ## - TITLE STATEMENT
Title Statistics /
Statement of responsibility, etc by E. Narayanan Nadar
250 ## - EDITION STATEMENT
Edition statement 2nd ed
260 ## - PUBLICATION, DISTRIBUTION, ETC. (IMPRINT)
Place of publication, distribution, etc Delhi
Name of publisher, distributor, etc PHI Learning
Date of publication, distribution, etc 2015
270 ## - ADDRESS
Address Rimjhim House, 111, Patparganj Industrial Estate,
City Delhi
Postal code 110092
300 ## - PHYSICAL DESCRIPTION
Extent xvii,472p.
Dimensions 26cm(pbk)
500 ## - GENERAL NOTE
General note Includes index
942 ## - ADDED ENTRY ELEMENTS (KOHA)
Source of classification or shelving scheme Dewey Decimal Classification
Item type English Books
Call number suffix NAD
Classification part 519.5
Holdings
Withdrawn status Lost status Not for loan Collection code Home library Current library Date acquired Source of acquisition Cost, normal purchase price Full call number Barcode Copy number Cost, replacement price Koha item type
    Not For Loan Non-fiction D.B.Act.Division D.B.Act.Division 04/02/2015 DBAD/PUB 425.00 519.5NAD EN-95616 1 425.00 English Books

© Delhi Public Library
Hit Counter
free hit counter